Dialéctica negativa : (Record no. 146837)

MARC details
000 -CABECERA
campo de control de longitud fija 00825nam a2200241 a 4500
005 - FECHA Y HORA DE LA ÚLTIMA TRANSACCIÓN
campo de control 20240919064249.0
008 - ELEMENTOS DE LONGITUD FIJA--INFORMACIÓN GENERAL
campo de control de longitud fija 100215s2005 mx r 000 0 spa d
020 ## - NÚMERO INTERNACIONAL NORMALIZADO PARA LIBROS
Número Internacional Estándar del Libro 8446016737
035 ## - NÚMERO DE CONTROL DEL SISTEMA
Número de control de sistema UPN01000174733
049 ## - COLECCIÓN
Colección CG
050 #4 - SIGNATURA TOPOGRÁFICA DE LA BIBLIOTECA DEL CONGRESO
Número de clasificación B808.5
Número de documento/Ítem A3.4
100 1# - ASIENTO PRINCIPAL--NOMBRE PERSONAL
Nombre de persona Adorno, Theodor W.,
Fechas asociadas al nombre 1903-1969
245 10 - MENCIÓN DE TÍTULO
Título Dialéctica negativa :
Resto del título la jerga de la autenticidad /
Mención de responsabilidad, etc. Th. W. Adorno ; colab. de Gretel Adorno ; tr. de Alfredo Brotons Muñoz.
260 ## - PUBLICACIÓN, DISTRIBUCIÓN, ETC.
Lugar de publicación, distribución, etc. Madrid :
Nombre del editor, distribuidor, etc. Akal,
Fecha de publicación, distribución, etc. 2005.
300 ## - DESCRIPCIÓN FÍSICA
Extensión 505 p.
440 #0 - MENCIÓN DE SERIE/ASIENTO SECUNDARIO--TÍTULO
Título Akal básica de bolsillo ;
Designación de volumen o secuencia 66
534 ## - NOTA SOBRE LA VERSIÓN ORIGINAL
Frase introductoria Título original:
Mención de título del original Negative dialektik. Jargon der eigentlichkeit
650 #7 - ASIENTO SECUNDARIO DE MATERIA - TERMINO TEMATICO
Término de materia o nombre geográfico como elemento de entrada Dialéctica
Fuente del encabezamiento o término
9 (RLIN) 15182
650 #4 - ASIENTO SECUNDARIO DE MATERIA - TERMINO TEMATICO
Término de materia o nombre geográfico como elemento de entrada FILOSOFIA -
Subdivisión general TERMINOLOGIA
9 (RLIN) 8062
650 #4 - ASIENTO SECUNDARIO DE MATERIA - TERMINO TEMATICO
Término de materia o nombre geográfico como elemento de entrada FILOSOFIA ALEMANA -
Subdivisión cronológica SIGLO XX
9 (RLIN) 8209
700 1# - ASIENTO SECUNDARIO--NOMBRE DE PERSONAL
Nombre de persona Adorno, Gretel,
Término indicativo de función/relación colab.
905 ## - TIPO DE MATERIAL
Tipo de material Libro
Holdings
Estado de retiro Estado de pérdida Fuente del sistema de clasificación o colocación Estado dañado No para préstamo Código de colección Localización permanente Ubicación/localización actual Ubicación en estantería Total de préstamos Clasificación Código de barras Fecha visto por última vez Número de copia Tipo de ítem Koha
    Library of Congress Classification     Colección General Bib. Gregorio Torres Quintero Bib. Gregorio Torres Quintero Planta baja 6 B808.5 A3.4 271649 31/12/2020 1 Libro